Estudio técnico económico para sustituir un horno tradicional por uno múltiple para el secado de café en un beneficio ubicado en Santa Lucía, Heredia
Bewaard in:
| Hoofdauteur: | |
|---|---|
| Formaat: | Boek |
| Gepubliceerd in: |
San José, Costa Rica
2010
|
| Onderwerpen: | |
| Tags: |
Voeg label toe
Geen labels, Wees de eerste die dit record labelt!
|
MARC
| LEADER | 00000nam a2200000Ia 4500 | ||
|---|---|---|---|
| 003 | 010003 | ||
| 005 | 20221231144036.0 | ||
| 008 | 140114s2010 cr a 000 ||s d | ||
| 040 | |c cru CEDI | ||
| 090 | |a TFG 6177 | ||
| 100 | |a Vargas Chavarría, José Alejandro |9 3039 | ||
| 245 | |a Estudio técnico económico para sustituir un horno tradicional por uno múltiple para el secado de café en un beneficio ubicado en Santa Lucía, Heredia | ||
| 260 | |c 2010 |b San José, Costa Rica | ||
| 500 | |a Proyecto de graduación (licenciatura en ingeniería química)--Universidad de Costa Rica. Facultad de Ingeniería. Escuela de Ingeniería Química | ||
| 650 | |x CAFE |x SECADO |x COMERCIO |x HORNOS |x GRANOS |x SECADORES |x BENEFICIO DE CAFE |x ASPECTOS ECONOMICOS |x SANTA LUCIA (BARVA, HEREDIA, COSTA RICA) |x HUMEDAD |9 3040 | ||
| 942 | |c TFG | ||
| 999 | |c 16038 |d 16038 | ||
